Hasselblad masters. Vol. 1, Passion /
| Other Authors: | |
|---|---|
| Format: | Book |
| Language: | English French German Italian Spanish |
| Language Notes: | In English, French, German, Italian, and Spanish. |
| Published: |
Kempen, Germany ; New York, N.Y. :
TeNeues,
[2008]
|
| Subjects: |
MARC
| Tag | First Indicator | Second Indicator | Subfields |
|---|---|---|---|
| LEADER | 00000cam a2200000Ia 4500 | ||
| 001 | in00002481981 | ||
| 005 | 20151110041815.0 | ||
| 008 | 080720s2008 gw a 000 0 eng d | ||
| 020 | |a 9783832792626 | ||
| 020 | |a 3832792627 | ||
| 029 | 1 | |a OHX |b har080102534 | |
| 029 | 1 | |a AU@ |b 000043778634 | |
| 035 | |a (OCoLC)ocn234424889 | ||
| 035 | |a (OCoLC)234424889 | ||
| 040 | |a BTCTA |c BTCTA |d BAKER |d YDXCP |d OHX |d MTG |d IQU |d TXA |d UtOrBLW | ||
| 041 | 1 | |a eng |a fre |a ger |a ita |a spa |h eng | |
| 049 | |a TXAM | ||
| 050 | 4 | |a TR655 |b .H376 2008 | |
| 082 | 0 | 4 | |a 779 |2 22 |
| 245 | 0 | 0 | |a Hasselblad masters. |n Vol. 1, |p Passion / |c [edited by Christian Nørgaard]. |
| 246 | 3 | 0 | |a Passion |
| 264 | 1 | |a Kempen, Germany ; |a New York, N.Y. : |b TeNeues, |c [2008] | |
| 264 | 4 | |c ©2008 | |
| 300 | |a 240 pages : |b illustrations (chiefly color) ; |c 35 cm. | ||
| 336 | |a text |b txt |2 rdacontent | ||
| 337 | |a unmediated |b n |2 rdamedia | ||
| 338 | |a volume |b nc |2 rdacarrier | ||
| 500 | |a Photographs by the winners of the 2008 Hasselblad Masters Awards. | ||
| 546 | |a In English, French, German, Italian, and Spanish. | ||
| 650 | 0 | |a Photography, Artistic |x Competitions. | |
| 650 | 0 | |a Photography, Artistic |x Awards. | |
| 610 | 2 | 0 | |a Victor Hasselblad AB. |
| 700 | 1 | |a Nørgaard, Christian. | |
| 938 | |a Baker and Taylor |b BTCP |n BK0007867922 | ||
| 938 | |a Baker & Taylor |b BKTY |c 95.00 |d 71.25 |i 3832792627 |n 0007867922 |s active | ||
| 938 | |a YBP Library Services |b YANK |n 2858504 | ||
| 938 | |a Otto Harrassowitz |b HARR |n har080102534 | ||
| 945 | |a PromptCat |b 602125 | ||
| 946 | |a stk | ||
| 947 | |a A14837425377 | ||
| 994 | |a C0 |b TXA | ||
| 948 | |a cataloged |b h |c 2009/7/16 |d c |e nbehmer |f 11:41:20 am | ||
| 999 | |a MARS | ||
| 999 | f | f | |s 54e7a799-bfcb-3dfc-8e3d-fe00cc2fba72 |i c790b235-aeac-3c5f-bace-599c7a1407d3 |t 0 |
| 952 | f | f | |p ric |a Texas A&M University |b Rellis Campus |c Joint Library Facility |d Remote Storage |t 0 |e TR655 .H376 2008 |f Oversize |h Library of Congress classification |i unmediated -- volume |m A14837425377 |
| 998 | f | f | |a TR655 .H376 2008 |t 0 |l Remote Storage |